| 000 | 00000cas 2200000zi 4500 |
| 001 | 9.864635 |
| 003 | CaOODSP |
| 005 | 20260306154612 |
| 006 | m o d f |
| 007 | cr ||||||||||| |
| 008 | 181113c20189999oncar p o f0 a0eng|d |
| 022 | |a2562-1645 |
| 040 | |aCaOODSP|beng|erda|cCaOODSP |
| 043 | |an-cn--- |
| 086 | 1 |aPS61-37E-PDF |
| 110 | 2 |aRoyal Canadian Mounted Police.|eauthor, |eissuing body. |
| 222 | 0|aReport on fees |b(Royal Canadian Mounted Police) |
| 245 | 10|aFees report. |
| 246 | 3 |aRCMP fees report |
| 264 | 1|a[Ottawa] : |bRoyal Canadian Mounted Police, |c[2019]- |
| 310 | |aAnnual |
| 336 | |atext|btxt|2rdacontent |
| 337 | |acomputer|bc|2rdamedia |
| 338 | |aonline resource|bcr|2rdacarrier |
| 362 | 1 |aBegan with 2017/2018. |
| 500 | |aIssued also in French under title: Rapport sur les frais. |
| 588 | |aDescription based on: 2017/2018. |
| 588 | |aLatest issue consulted: 2019/2020. |
| 610 | 20|aRoyal Canadian Mounted Police|vPeriodicals. |
| 650 | 0|aFees, Administrative|zCanada|vPeriodicals. |
| 655 | 7|aPeriodicals|2lcgft |
| 775 | 08|tRapport sur les frais.|w(CaOODSP)9.864637 |
| 776 | 0#|tFees report / |w(CaOODSP)9.864636 |